Univers Lego Ninjago: Lord Garmadon - Statistiques

Statistiques générales
  • Ce quiz a été pris 512 fois
  • Le résultat moyen est 11 sur 18
Statistiques - réponses
Questions Réponses % Correct
Fils Lloyd
95%
Élève Lloyd
95%
Frère (plus jeune) Wu
95%
Couleur de la peau Noir
93%
Nombre de bras (en méchant) 4
90%
Femme Misako
90%
Nom de famille Garmadon
85%
Couleur de ninja Mauve
76%
Couleur des yeux Rouge
72%
Pouvoir Destruction
62%
Saison d'arrivée La menace des serpents
61%
Père Premier maître du spinjitsu
54%
Senseï Chen
46%
Lieu d'arrivée (rêve de Zane) Bounty
41%
Arme Armes d'or / Arme suprême
25%
Lieu où son visage est gravé Couloir des anciens
23%
Manière de la marier Il a signé la lettre de Wu
4%
Lieu d'arrivée Histoire de Wu
1%
Aucun quiz correspondant
Distribution des résultats
% des personnes avec chaque résultat
Percentile par nombre de réponses
Votre historique - résultats
Vous n’avez pas pris ce quiz